La asignación de los recursos económicos : (Registro nro. 5637)
[ vista simple ]
| 000 -LEADER | |
|---|---|
| fixed length control field | 01422nam a2200313Ia 4500 |
| 003 - CONTROL NUMBER IDENTIFIER | |
| control field | OSt |
| 005 - DATE AND TIME OF LATEST TRANSACTION | |
| control field | 20200623161805.0 |
| 008 - FIXED-LENGTH DATA ELEMENTS--GENERAL INFORMATION | |
| fixed length control field | 191128s1964 mx gr 000 0 spa d |
| 040 ## - CATALOGING SOURCE | |
| Original cataloging agency | CO-JMCR |
| Transcribing agency | CO-JMCR |
| 041 1# - LANGUAGE CODE | |
| Language code of text/sound track or separate title | spa |
| Language code of original | eng |
| 082 04 - DEWEY DECIMAL CLASSIFICATION NUMBER | |
| Classification number | 330.1556 / |
| Item number | A161l |
| Edition number | 23 |
| 100 1# - MAIN ENTRY--PERSONAL NAME | |
| Personal name | Abramovitz, Moses, |
| Relator term | autor |
| 9 (RLIN) | 6041 |
| 245 13 - TITLE STATEMENT | |
| Title | La asignación de los recursos económicos : |
| Remainder of title | ensayos en honor de Bernard Francis Haley / |
| Statement of responsibility, etc. | por, Moses Abramovitz, Armen Alchian, Kenneth J. Arrow [y otros] ; traducción del inglés por Francisco Rostro |
| 250 ## - EDITION STATEMENT | |
| Edition statement | Primera edición |
| 260 ## - PUBLICATION, DISTRIBUTION, ETC. | |
| Place of publication, distribution, etc. | México : |
| Name of publisher, distributor, etc. | Compañía General de Ediciones, |
| Date of publication, distribution, etc. | 1964. |
| 300 ## - PHYSICAL DESCRIPTION | |
| Extent | 336 páginas ; |
| Dimensions | 20 cm. |
| 490 0# - SERIES STATEMENT | |
| Series statement | Colección de ensayos de Moses Abramovitz y otros |
| 505 0# - FORMATTED CONTENTS NOTE | |
| Formatted contents note | Interpretaci+on de las tendencias seculares del producto y del ingreso nacionales desde el punto de vista del bienestar -- Los costos y la producción -- Hacia una teoría del ajuste de precios -- Reflexiones sobre el subconsumo |
| 534 ## - ORIGINAL VERSION NOTE | |
| Introductory phrase | The allocation of economic resources |
| 546 ## - LANGUAGE NOTE | |
| Language note | Traducido del inglés |
| 650 14 - SUBJECT ADDED ENTRY--TOPICAL TERM | |
| Topical term or geographic name entry element | Economía del bienestar |
| 9 (RLIN) | 3975 |
| 650 24 - SUBJECT ADDED ENTRY--TOPICAL TERM | |
| Topical term or geographic name entry element | Asignación de recursos |
| 9 (RLIN) | 6042 |
| 650 24 - SUBJECT ADDED ENTRY--TOPICAL TERM | |
| Topical term or geographic name entry element | Recursos financieros |
| 9 (RLIN) | 6043 |
| 650 24 - SUBJECT ADDED ENTRY--TOPICAL TERM | |
| Topical term or geographic name entry element | Rentas |
| General subdivision | Economía Precios |
| 9 (RLIN) | 6044 |
| 700 1# - ADDED ENTRY--PERSONAL NAME | |
| Personal name | Alchian, Armen, |
| Relator term | autor |
| 9 (RLIN) | 6045 |
| 700 1# - ADDED ENTRY--PERSONAL NAME | |
| Personal name | Arrow, Kenneth J., |
| Relator term | autor |
| 9 (RLIN) | 6046 |
| 700 1# - ADDED ENTRY--PERSONAL NAME | |
| Personal name | Rostro, Francisco, |
| Relator term | traductor |
| 9 (RLIN) | 6047 |
| 942 ## - ADDED ENTRY ELEMENTS (KOHA) | |
| Source of classification or shelving scheme | Dewey Decimal Classification |
| Koha item type | Books |
| Withdrawn status | Lost status | Source of classification or shelving scheme | Materials specified (bound volume or other part) | Damaged status | Not for loan | Home library | Current library | Shelving location | Date acquired | Source of acquisition | Cost, normal purchase price | Total Checkouts | Full call number | Barcode | Date last seen | Copy number | Price effective from | Koha item type | Public note |
|---|---|---|---|---|---|---|---|---|---|---|---|---|---|---|---|---|---|---|---|
| Dewey Decimal Classification | Donación--15/04/2018-- | Biblioteca Pública José María del Castillo y Rada | Biblioteca Pública José María del Castillo y Rada | General Stacks | 11/28/2019 | Donación | 0.00 | 330.1556 / A161l | 430003881 | 05/16/2024 | Ej.1 | 11/28/2019 | Books | Exlibris: algunas páginas rayadas |